All gta 5 radio stations - Statistics

General Stats
  • This quiz has been taken 101 times
  • The average score is 5 of 18
Answer Stats
Answer % Correct
West Coast Classics
62%
Channel X
60%
Non Stop Pop FM
49%
Radio Los Santos
49%
Los Santos Rock Radio
47%
Rebel Radio
45%
Radio Mirror Park
28%
East Los FM
25%
The Lab
25%
The Blue Ark
24%
FlyLo FM
21%
Soulwax FM
21%
World Wide FM
15%
Blaine County Radio
14%
Vinewood Boulevard Radio
14%
Space 103.2
12%
The Lowdown 91.1
6%
WTCR
1%
No matching quizzes found
Score Distribution
Percent of People with Each Score
Percentile by Number Answered
Your Score History
You have not taken this quiz